[Event "RUS-ch Rapid 2021"]
[Site "Sochi"]
[Date "2021.10.13"]
[Round "7.7"]
[White "Lysyj, Igor"]
[Black "Rozum, Ivan"]
[Result "1-0"]
[WhiteElo "2603"]
[BlackElo "2529"]
[Annotator "TA"]
[PlyCount "55"]
[EventDate "2021.10.12"]
[EventType "swiss"]
[EventCountry "RUS"]
[SourceTitle "playchess.com"]
[Source "ChessBase"]
[SourceQuality "1"]

{[%evp 21,55,16,30,12,22,16,33,0,8,0,0,12,48,47,55,63,45,46,87,72,93,68,68,68,76,83,90,98,278,225,226,206,213,183,885,866]} 1. d4 Nf6 2. c4 e6 3. Nf3 Bb4+ 4. Bd2 Bxd2+ 5. Qxd2 O-O 6. Nc3 d5 7. e3 Qe7 8. cxd5 exd5 9. Bd3 c6 10. O-O Nbd7 11. Qc2 Re8 12. Rae1 {D36: Queen's Gambit Declined: Exchange Variation: Main line (5 Bg5 c6 6 Qc2).} Ne4 13. Nd2 {[%cal Rc3e4]} Ndf6 {[#]} 14. Nb3 $146 {White is slightly better.} ({Predecessor:} 14. f3 Nxd2 15. Qxd2 Be6 16. e4 Qb4 17. e5 Nh5 18. Rf2 c5 19. dxc5 g6 20. Nb5 Qxc5 21. Rc1 Qb6 22. Nc7 d4 23. a4 Qb3 24. Bb5 Qb4 {1-0 (24) Sturua,Z (2531)-Danielsen,H (2499) Rhodes 2019}) 14... Bf5 15. f3 Nxc3 16. bxc3 Bg6 17. Bxg6 hxg6 18. e4 $1 dxe4 19. fxe4 Nd7 ({Wrong is} 19... Nxe4 $2 20. Nc5 $18) 20. e5 c5 21. e6 fxe6 22. Qxg6 cxd4 23. Nxd4 {Nf5! is the strong threat.} Nf8 24. Qh5 {Black must now prevent Re3!} Rac8 $2 {[#] Loses the game.} (24... Rec8 $16) 25. Nf5 $1 {[%mdl 512]} Qc5+ (25... Qd8 26. Nxg7) 26. Kh1 Red8 {[#]} 27. Re5 {[%cal Re5c5][%mdl 512]} g6 $2 (27... exf5 28. Rxc5 Rxc5) 28. Rxc5 {Weighted Error Value: White=0.09/Black=0.24} 1-0

[Event "RUS-ch Rapid 2021"]
[Site "Sochi"]
[Date "2021.10.13"]
[Round "7.8"]
[White "Savchenko, Boris"]
[Black "Dreev, Aleksey"]
[Result "1/2-1/2"]
[WhiteElo "2535"]
[BlackElo "2635"]
[Annotator "TA"]
[PlyCount "52"]
[EventDate "2021.10.12"]
[EventType "swiss"]
[EventCountry "RUS"]
[SourceTitle "playchess.com"]
[Source "ChessBase"]
[SourceQuality "1"]

{[%evp 17,52,26,36,30,49,29,49,-9,-9,-9,-9,-9,-8,-8,-8,-8,-8,-8,-5,-3,0,-10,0,0,0,0,0,-44,-13,-54,0,0,0,-49,0,0,29998]} 1. e4 c5 2. Nf3 Nf6 3. e5 Nd5 4. Nc3 e6 5. Nxd5 exd5 6. d4 Nc6 7. dxc5 Bxc5 8. Qxd5 d6 $1 {[%mdl 4] now scores much better than the old 8...Qb6.} 9. exd6 Qb6 $1 10. Qe4+ {B29: Sicilian: 2 Nf3 Nf6 (Nimzowitsch Variation).} ({But not} 10. d7+ Bxd7 11. Bd3 Bxf2+ 12. Kf1 O-O-O $17) 10... Be6 $1 11. Bc4 Bxf2+ 12. Ke2 (12. Kd1 $14 O-O-O 13. Bxe6+ fxe6 14. c3 (14. Qxe6+ Kb8 $11)) 12... O-O $1 $11 13. Bxe6 Rae8 {[%mdl 64] [#] Pin} 14. Ng5 {[%csl Gg5][%cal Re4h7]} Rxe6 15. Nxe6 Re8 {[%cal Re8e6][%mdl 64] Pin} 16. Rf1 $1 Rxe6 17. Qxe6 fxe6 18. Rxf2 Qb5+ 19. Kd2 Qd5+ 20. Ke1 Qe5+ 21. Kf1 Qxh2 22. d7 Qh1+ {[%mdl 1024] Black has compensation.} 23. Ke2 Qh5+ (23... h6 $15) 24. Ke1 Qh1+ 25. Ke2 {[#]} Qh5+ $146 ({Predecessor:} 25... e5 26. b3 Qh5+ 27. Ke1 Qh1+ 28. Ke2 Qh5+ 29. Ke1 Qh1+ 30. Ke2 {½-½ (27) Vlasak,L (2319)-Polasek,J (2309) Czech Republic 2012}) 26. Ke1 Nb8 $2 {[%mdl 40960] Weighted Error Value: White=0.12/Black=0.06. An unexpected result.} (26... Qh1+ $11 27. Ke2) 1/2-1/2

[Event "RUS-ch Rapid 2021"]
[Site "Sochi"]
[Date "2021.10.13"]
[Round "7.9"]
[White "Pridorozhni, Aleksei"]
[Black "Kobalia, Mikhail"]
[Result "1-0"]
[WhiteElo "2564"]
[BlackElo "2600"]
[Annotator "TA"]
[PlyCount "87"]
[EventDate "2021.10.12"]
[EventType "swiss"]
[EventCountry "RUS"]
[SourceTitle "playchess.com"]
[Source "ChessBase"]
[SourceQuality "1"]

{[%evp 10,87,28,43,26,15,15,6,8,-33,8,8,0,0,0,0,0,0,37,42,28,35,39,10,11,0,16,28,37,16,4,17,45,0,54,0,28,31,26,25,26,25,27,24,27,25,25,25,61,67,70,56,102,0,0,0,0,0,89,0,0,0,810,774,738,639,4782,2251,12413,10154,6238,6218,5265,5132,5132,5125,5118,5118,5118,5114]} 1. e4 c6 2. Nc3 d5 3. Nf3 dxe4 4. Nxe4 Nf6 5. Qe2 Nxe4 6. Qxe4 Be6 {B11: Caro-Kann: Two Knights Variation.} 7. Qe3 $5 {[%mdl 4] [#] Leaves trodden paths.} Bf5 $146 ({Predecessor:} 7... Nd7 8. Nd4 Bg4 9. h3 Bh5 10. b3 Nf6 11. Bb2 e6 12. g4 Bg6 13. Bg2 Bc5 14. Nxe6 Bxe3 15. Nxd8 Bxd2+ 16. Kxd2 Rxd8+ {1-0 (46) Djukic,N (2521)-Dudin,G (2395) Tornelo INT 2020}) 8. c4 e6 {The position is equal.} 9. b3 Na6 {[%cal Bb8a6,Ba6c5,Bc5e4][%mdl 32]} 10. a3 Nc5 11. d4 $1 {[%cal Rd4c5]} Ne4 12. Bd3 Qa5+ 13. Kf1 Qc3 14. Bxe4 Qxe3 {[#]} 15. Bxc6+ bxc6 16. Bxe3 (16. fxe3 {is more complex.} Rb8 17. Nd2 Be7 18. Kf2 e5 19. b4) 16... Rb8 17. Nd2 Bd3+ 18. Ke1 Be7 19. f3 O-O 20. Kf2 Rfd8 21. Ra2 Bf6 ({Better is} 21... a5 $11) 22. Rd1 ({White should play} 22. b4 $1 $14) 22... Bg6 ({Reject} 22... Bxd4 $6 23. Bxd4 Rxd4 24. Ne4 $16) 23. b4 Bxd4 24. Bxd4 Rxd4 25. Rc1 Rd3 26. c5 e5 27. Nc4 f6 28. Ke2 e4 29. fxe4 Bxe4 30. Nd6 Bg6 {[#]} 31. b5 (31. Rd2 $1 $16 {[%cal Rd2d3]} Rxd2+ 32. Kxd2) 31... cxb5 $11 32. Rd2 Rxd2+ ({Avoid the trap} 32... Rxa3 $2 33. c6 $18) 33. Kxd2 Be8 {[#]} (33... Kf8 $1 $11 {remains equal.}) 34. Nxe8 (34. Kc3 $1 $16) 34... Rxe8 $16 {[%mdl 4096] Endgame KR-KR} 35. Kc3 {Threatens to win with Kb4.} a5 {[%mdl 8192]} (35... Kf7 $11) 36. c6 $18 {White is clearly winning.} Kf7 37. Kd4 Ke7 38. Re1+ Kf7 39. Rxe8 Kxe8 40. Kc5 Kd8 41. Kxb5 Kc7 42. Kxa5 Kxc6 43. Kb4 f5 44. Kc4 {Weighted Error Value: White=0.14/Black=0.22} 1-0

[Event "RUS-ch Rapid 2021"]
[Site "Sochi"]
[Date "2021.10.13"]
[Round "7.12"]
[White "Khanin, Semen"]
[Black "Vastrukhin, Oleg"]
[Result "0-1"]
[WhiteElo "2521"]
[BlackElo "2382"]
[Annotator "TA"]
[PlyCount "124"]
[EventDate "2021.10.12"]
[EventType "swiss"]
[EventCountry "RUS"]
[SourceTitle "playchess.com"]
[Source "ChessBase"]
[SourceQuality "1"]

{[%evp 10,124,25,43,39,21,27,16,12,10,26,7,10,0,0,9,5,0,0,0,-5,-9,-15,-12,-12,-12,-12,-10,-11,-16,-7,-35,-34,-33,-18,-50,-31,-59,-25,-60,-47,-62,-54,-64,-71,-103,-49,-50,-61,-96,-78,-87,-81,-59,-46,-84,-74,-106,-102,-109,-114,-159,-160,-330,-274,-277,-158,-159,-153,-145,-147,-163,-162,-171,-150,-345,-323,-259,-283,-459,-419,-687,-669,-693,-688,-911,-913,-769,-731,-1544,-1480,-1616,-1635,-3269,-1935,-4963,-3196,-5193,-5415,-2995,-775,-2114,-2060,-3185,-2477,-5573,-6394,-6398,-5247,-6114,-7722,-29977,-29978,-29975,-29976,-29989,-29990]} 1. e4 g6 2. d4 Bg7 3. Nf3 c6 4. c3 d5 5. Nbd2 dxe4 6. Nxe4 Nf6 {B12: Caro-Kann: Advance Variation.} 7. Nxf6+ exf6 8. Bd3 O-O {The position is equal.} 9. O-O a5 10. h3 Na6 {[%cal Bb8a6,Ba6c7,Bc7d5][%mdl 32]} 11. Bf4 Nc7 12. Re1 a4 13. a3 Nd5 14. Bh2 b5 {[#]} 15. c4 $146 ({Predecessor:} 15. Qd2 Ra7 16. Re2 Re8 17. Rae1 Rae7 18. Rxe7 Rxe7 19. Be4 Be6 20. Re2 f5 21. Bb1 {0-1 (58) Lenderman,A (2553)-Becerra Rivero,J (2557) ICC INT 2010}) 15... bxc4 16. Bxc4 Qb6 17. Qd2 Ba6 18. Bxa6 Qxa6 19. Rac1 Rfe8 20. Qc2 Rxe1+ 21. Rxe1 h5 22. h4 Qb5 23. Nd2 f5 24. Be5 Re8 {[#] ...f6 is the strong threat.} 25. Nc4 Re6 {Strongly threatening ...f6.} 26. Re2 Bf8 $1 27. Kf1 f4 ({Black should try} 27... c5 $17 28. dxc5 Bxc5) 28. Nd2 $1 $15 Kh7 29. Qc4 Be7 ({Worse is} 29... Qxb2 30. Nf3 $16) 30. Qxb5 cxb5 31. g3 Rc6 32. Nf3 fxg3 33. fxg3 f6 34. Bb8 Kg7 35. Ke1 Kf7 36. Kd2 $2 (36. Ba7 $17) 36... Rc8 37. Ba7 Rc7 ({Black should play} 37... b4 $19 38. Bc5 Bxc5 39. dxc5 bxa3 40. bxa3 Rxc5) 38. Bc5 $17 Bxc5 39. dxc5 Rxc5 {[%mdl 4096] Endgame KRN-KRN} 40. Nd4 Nb6 41. Ne6 Re5 42. Rxe5 $2 {This costs White the game.} (42. Nd8+ $17 Ke8 43. Ne6) 42... fxe5 {KN-KN} 43. Nc7 Nc4+ 44. Kc3 $2 (44. Ke2) 44... Nd6 $19 45. Kb4 (45. Kd3 $142 Kf6 46. Ke3) 45... e4 46. Kc3 {If only White now had time for Kd4....} Kf6 47. Kd4 {and the idea Nd5+ leaves White hopeful.} Kf5 48. Nd5 Kg4 49. Nf4 Kf3 50. Nxg6 Nf5+ 51. Kc3 e3 52. Ne5+ Kxg3 53. Kd3 Kxh4 54. Ke4 {[#]} Nd6+ (54... Kg3 $142 $1 55. Kxf5 (55. Kd3 h4) 55... h4) 55. Kf3 Nc4 56. Nd3 Kg5 57. Nf4 Nxb2 58. Ne6+ Kf6 59. Nc7 Nc4 60. Nxb5 Ke5 {Black mates.} 61. Nc3 h4 62. Nxa4 Kd4 {Weighted Error Value: White=1.01/Black=0.24} 0-1

[Event "RUS-ch Rapid 2021"]
[Site "Sochi"]
[Date "2021.10.13"]
[Round "7.13"]
[White "Demidov, Mikhail"]
[Black "Zakhartsov, Vladimir"]
[Result "1/2-1/2"]
[WhiteElo "2551"]
[BlackElo "2514"]
[Annotator "TA"]
[PlyCount "59"]
[EventDate "2021.10.12"]
[EventType "swiss"]
[EventCountry "RUS"]
[SourceTitle "playchess.com"]
[Source "ChessBase"]
[SourceQuality "1"]

{[%evp 9,59,-32,-5,-22,5,-4,7,-16,0,0,0,7,20,24,21,8,34,27,25,19,22,-2,-4,-4,-6,-8,0,-6,0,0,16,10,17,17,23,16,15,8,8,0,4,0,6,6,6,0,7,0,6,0,19,0]} 1. g3 e5 2. Bg2 d5 3. d3 Nf6 4. a3 c6 5. Nc3 Bf5 6. Nf3 {A00: Irregular Openings.} Nbd7 7. O-O {[#]} h6 $146 ({Predecessor:} 7... Be7 8. Re1 Bg4 9. h3 Be6 10. e4 d4 11. Ne2 h6 12. Rf1 O-O 13. Nd2 Nh7 {1-0 (42) De Sousa,W (2029)-Laranjeira,M (1949) Parauapebas 2017}) 8. Nd2 Be7 9. e4 dxe4 10. Ncxe4 O-O 11. Nxf6+ Bxf6 ({But not} 11... gxf6 $6 12. Nc4 $18) 12. Re1 Re8 13. Nc4 {aiming for Nd6.} Qc7 14. Bd2 Be6 15. Ne3 e4 16. Bc3 exd3 17. cxd3 Rad8 18. Qc2 Qb6 19. Nc4 Bxc4 20. dxc4 Bxc3 21. Qxc3 Nf6 22. c5 Qc7 {The position is equal.} 23. b4 Qd7 24. h3 a6 25. Rxe8+ Rxe8 26. Re1 Rd8 27. Qe3 Re8 28. Qc3 Rd8 29. Qe3 Re8 30. Qc3 {Not much happened in this game.  Weighted Error Value: White=0.05/Black=0.07} 1/2-1/2

[Event "RUS-ch Rapid 2021"]
[Site "Sochi"]
[Date "2021.10.13"]
[Round "7.14"]
[White "Bryakin, Mikhail"]
[Black "Nozdrachev, Vladislav"]
[Result "1/2-1/2"]
[WhiteElo "2498"]
[BlackElo "2495"]
[Annotator "TA"]
[PlyCount "202"]
[EventDate "2021.10.12"]
[EventType "swiss"]
[EventCountry "RUS"]
[SourceTitle "playchess.com"]
[Source "ChessBase"]
[SourceQuality "1"]

{[%evp 14,202,26,35,28,12,15,8,18,13,12,6,14,18,17,18,19,10,85,77,131,106,122,124,123,118,160,159,133,88,81,81,81,81,81,81,81,81,81,81,81,81,81,81,81,81,81,81,81,81,81,70,81,70,81,54,81,54,81,53,53,53,81,53,81,53,81,81,81,0,81,53,81,53,81,30,30,30,30,27,27,27,27,20,27,27,27,27,27,27,27,27,39,31,39,31,39,39,39,39,46,8,27,27,27,27,27,27,27,27,27,27,27,27,27,27,27,0,27,27,27,27,27,0,27,27,27,27,27,27,27,27,27,27,27,27,27,27,27,27,27,27,27,27,27,27,27,27,27,27,27,27,27,0,27,27,27,27,27,27,27,27,27,0,0,0,0,0,0,0,0,0,0,0,0,0,0,0,0,0,0,0,0,0,0,0,0,0,0,0,0]} 1. d4 d5 2. Nf3 Nf6 3. c4 e6 4. g3 Be7 5. Bg2 O-O 6. O-O dxc4 7. Qc2 c6 8. Qxc4 b5 {E06: Closed Catalan: Early deviations.} 9. Qb3 Bb7 10. Rd1 Qb6 11. Nc3 Nbd7 12. Bg5 h6 13. Bxf6 Nxf6 14. Ne5 Rfd8 15. e3 a6 (15... Rab8 $11) 16. Rac1 $16 {[#]} Bd6 $146 {[#]} (16... Qc7 $142) ({Predecessor:} 16... Qc7 17. Ne4 Nxe4 18. Bxe4 Rd6 19. Rd3 Rc8 20. Rdc3 Qb6 21. Nc4 Qd8 22. Nxd6 Qxd6 23. Qc2 e5 24. Bxc6 Rxc6 25. Rxc6 Qd5 26. Rc8+ Bf8 27. Rxf8+ {1-0 (27) Grischuk,A (2766)-Karjakin,S (2782) Leuven 2018}) 17. Nc4 $1 {[%mdl 512]} Qc7 (17... Qa7 18. Nxd6) 18. Nxd6 Qxd6 {[#]} 19. Na4 $1 {[%mdl 512]} bxa4 (19... Qc7 20. Nc5) 20. Qxb7 c5 21. Qc6 ({Don't do} 21. Rxc5 $6 Rab8 $14) 21... Qxc6 22. Bxc6 Rab8 23. dxc5 Rxd1+ 24. Rxd1 Rxb2 25. Bxa4 Rxa2 {[%mdl 4096] Endgame [#] KRB-KRN} 26. c6 $1 Nd5 27. Bb3 {[%mdl 64] Double Attack} Rb2 28. Bxd5 exd5 29. Rxd5 {KR-KR} Rc2 30. Rd8+ Kh7 31. Rc8 h5 32. h3 a5 33. Kg2 a4 34. Kf3 a3 35. c7 g6 36. Ra8 Rxc7 37. Rxa3 Kg7 38. Ra6 Rc4 39. Rd6 Ra4 40. Rd4 Ra2 41. Rd6 Ra4 $1 42. Rb6 Rc4 43. Ra6 Rb4 44. e4 ({Better is} 44. h4 $16) 44... Rb3+ $11 45. Kf4 h4 46. f3 hxg3 47. Kxg3 Rb5 48. Kf4 Rb1 49. Ra7 Rh1 50. Kg3 Rg1+ 51. Kf2 Rh1 52. Kg2 Re1 53. Ra8 Rb1 54. Ra5 Kh6 55. Rd5 Kg7 56. h4 Ra1 57. h5 gxh5 58. Rxh5 Kg6 59. Rf5 f6 60. Kg3 Ra3 61. Kf4 Rb3 62. Ra5 Rc3 63. Ra6 Rc5 64. Kg4 Rg5+ 65. Kf4 (65. Kh3 {looks sharper.} Kf7 66. f4 Rg1 67. f5 Rb1 68. Ra7+) 65... Rb5 66. Ra1 Rc5 67. Rg1+ Kf7 68. Ra1 Kg6 69. Ra7 Rb5 70. Rd7 Ra5 71. Rd5 Ra3 72. Rd6 Ra5 73. Ke3 Ra1 74. Rc6 Ra3+ 75. Kf2 Ra4 76. Kg3 Ra5 77. f4 {Strongly threatening e5.} Kf7 78. Rc7+ Kg6 79. f5+ Kh6 $1 80. Kf4 Ra1 81. Rf7 Ra6 $1 82. Re7 {And now Re6 would win.} Ra1 83. Rf7 Ra6 $1 84. Kg4 Rb6 85. Rd7 Rb1 86. Kf3 Rf1+ 87. Ke2 Ra1 88. Kf3 Rf1+ {The position is equal.} 89. Kg3 (89. Ke2 {keeps more tension.}) 89... Rg1+ 90. Kf2 Ra1 91. Rf7 Kg5 92. Ke3 {Black should prevent Rg7+.} Ra3+ 93. Kd4 Ra5 94. Ke3 Ra3+ 95. Kd4 Kf4 96. Kd5 Ra5+ 97. Ke6 Ra6+ 98. Kd5 Ra5+ 99. Ke6 Kxe4 {...Ra6+ is the strong threat.} 100. Rxf6 Re5+ 101. Kd6 {Re6 would kill now.} Rxf5 {White really could win this.  Weighted Error Value: White=0.11/Black=0.10} 1/2-1/2

[Event "RUS-ch Rapid 2021"]
[Site "Sochi"]
[Date "2021.10.13"]
[Round "7.15"]
[White "Antipov, Mikhail Al."]
[Black "Gutenev, Alexander"]
[Result "1/2-1/2"]
[WhiteElo "2619"]
[BlackElo "2455"]
[Annotator "TA"]
[PlyCount "112"]
[EventDate "2021.10.12"]
[EventType "swiss"]
[EventCountry "RUS"]
[SourceTitle "playchess.com"]
[Source "ChessBase"]
[SourceQuality "1"]

{[%evp 10,112,15,0,29,0,38,31,43,6,12,-28,-17,-78,-74,-116,-118,-91,-118,-145,-152,-180,-162,-152,-127,-115,-27,-206,-193,-249,-245,-350,-349,-497,-495,-491,-333,-345,-355,-341,-329,-381,-384,-361,-377,-373,-343,-343,-342,-323,-317,-306,-302,-392,-391,-386,-303,-303,-303,-359,-358,-306,-340,-384,-382,-362,-202,-195,-87,-139,-50,-52,0,0,0,0,0,0,0,0,0,0,0,0,0,0,0,0,0,0,0,0,0,0,0,0,0,0,0,0,0,0,0,0,0]} 1. e4 c5 2. Nf3 Nc6 3. Bb5 g6 4. Bxc6 bxc6 5. O-O Bg7 6. Re1 Qc7 {B31: Sicilian: 2...Nc6 3 Bb5 g6.} 7. d3 d6 8. e5 dxe5 {White is slightly better.} 9. Nc3 c4 10. dxc4 f5 11. Be3 {[#]} (11. g3 $11) 11... e4 $146 ({Predecessor:} 11... Nf6 12. Qc1 O-O 13. Bh6 Bxh6 14. Qxh6 e4 15. Ng5 e5 16. h3 Qe7 17. f3 exf3 18. gxf3 {0-1 (32) Hansen,T (2429)-Edouard,R (2622) Escaldes 2017}) 12. Bd4 {[#]} Nf6 $1 ({Much weaker is} 12... e5 $6 13. Nxe5 Nf6 14. g3 $11) 13. Be5 Qa5 14. Rb1 exf3 15. Qxf3 O-O 16. b4 Qa6 17. b5 cxb5 (17... Qa3 $17 {White must now prevent ...Ne4.} 18. bxc6 Ba6) 18. Bxf6 $2 (18. Qxa8 $11 Bb7 {[%mdl 64] Discovered Attack} 19. cxb5) 18... Bxf6 $19 19. Nd5 (19. cxb5 $142 Qb7 20. Nd5) 19... Rb8 20. Nxe7+ (20. Qb3 $142 b4 21. c3) 20... Kg7 21. Qf4 (21. Qc6 $142 Qb6 22. Qxb5) 21... Be6 22. Qc7 {With the idea Nc6+.} Bxe7 23. Qxe7+ Bf7 24. cxb5 Qxa2 25. h4 Rfe8 26. Qc5 Qc4 27. Qxa7 Rxb5 28. Qa1+ Kg8 29. Rxe8+ Bxe8 30. Re1 Rb8 (30... Qf7 31. Qa8 $11) 31. Qf6 Bf7 32. h5 {[#] White wants to mate with h6.} Re8 33. Rxe8+ Bxe8 34. h6 {[%csl Gh6][%cal Rf6g7]} Qf7 35. Qe5 Qf8 36. c4 Bf7 37. Qf4 Qd8 (37... Be6 $142 38. Qc1 f4) 38. c5 {Now c6 and White clings on.} Qd7 (38... Qe8 $19 {and Black stays clearly on top.} 39. Qd2 Be6) 39. Qb8+ $17 Be8 (39... Qe8 $17 40. Qb2 Qf8 {[%mdl 64] Double Attack}) 40. Qe5 $15 Kf7 (40... f4 $15 41. Kh2 (41. c6 Qd1+ 42. Kh2 Qh5+ 43. Qxh5 gxh5 $19) 41... Qf7) 41. c6 $1 $11 {[%cal Rc6d7] The position is equal.} Qd1+ (41... Qxc6 {is interesting.} 42. Qg7+ Ke6 43. Qxh7 Qc1+ 44. Kh2 Kf6) 42. Kh2 Bxc6 {Threatens to win with ...Qd5!} 43. Qg7+ Ke6 {And now ...Qd5 would win.} 44. Qxh7 Qh5+ 45. Kg1 Qg5 {[%csl Gc6][%cal Rg5g2]} 46. Qg8+ Kd6 {[%csl Gc6][%cal Rg5g2]} 47. Qf8+ Kc7 {[%csl Gc6][%cal Rg5g2]} (47... Kd7 {looks sharper.} 48. Qg7+ Ke8 49. Qh8+ Kd7 50. Qg7+) 48. Qg7+ Kc8 {[%csl Gc6][%cal Rg5g2]} (48... Kb6 {feels hotter.} 49. Qb2+ Kc7 50. Qe5+ Kd7 51. Qg7+ Ke8) 49. Qg8+ Kb7 {[%csl Gc6][%cal Rg5g2]} 50. Qb3+ (50. Qg7+ {seems wilder.} Kb8 51. Qe5+ Ka8 52. Qa1+ Kb8 53. Qe5+) 50... Kc8 {[%csl Gc6][%cal Rg5g2]} (50... Ka6 {is more complex.} 51. Qa3+ Kb7 52. Qb2+ Kc7 53. Qg7+) 51. Qg8+ Kb7 {[%csl Gc6][%cal Rg5g2]} 52. Qb3+ Ka6 {[%csl Gc6][%cal Rg5g2]} 53. Qc4+ Kb7 {[%csl Gc6][%cal Rg5g2]} 54. Qb3+ Ka6 {[%csl Gc6][%cal Rg5g2]} 55. Qa3+ Kb7 {[%csl Gc6][%cal Rg5g2]} 56. Qb3+ Ka6 {[%csl Gc6][%cal Rg5g2] Whites escaped into a draw.  Weighted Error Value: White=0.20/Black=0.20} 1/2-1/2

[Event "RUS-ch Rapid 2021"]
[Site "Sochi"]
[Date "2021.10.13"]
[Round "7.16"]
[White "Yatzenko, Anton"]
[Black "Grachev, Boris"]
[Result "0-1"]
[WhiteElo "2370"]
[BlackElo "2615"]
[Annotator "TA"]
[PlyCount "50"]
[EventDate "2021.10.12"]
[EventType "swiss"]
[EventCountry "RUS"]
[SourceTitle "playchess.com"]
[Source "ChessBase"]
[SourceQuality "1"]

{[%evp 9,50,19,14,0,0,-12,0,0,0,0,0,0,0,0,9,0,0,0,0,-22,0,-5,0,-41,-44,-127,-124,-248,-248,-248,-247,-252,-254,-747,-717,-714,-704,-667,-678,-1625,-1609,-1577,-1525]} 1. d4 d5 2. Nf3 Nf6 3. Bf4 Bf5 4. e3 e6 5. c4 Bxb1 6. Qxb1 {D02: 1 d4 d5 2 Nf3 sidelines, including 2...Nf6 3 g3 and 2...Nf6 3 Bf4.} Bb4+ 7. Kd1 Bd6 8. Bxd6 {The position is equal.} Qxd6 9. cxd5 exd5 10. Bd3 Nbd7 11. Ke2 O-O {[#]} 12. Rd1 $146 ({Predecessor:} 12. b4 a5 13. b5 c5 14. bxc6 bxc6 15. Rd1 c5 16. dxc5 Nxc5 17. Kf1 Rfc8 18. Bf5 {0-1 (49) Hauge,L (2436)-Vaibhav,S (2542) Chess.com INT 2018}) 12... Rae8 13. Qc2 Ne4 14. g3 (14. Kf1 {is more complex.} c6 15. Kg1 f5 16. Qb3 Rb8 17. Rac1) 14... f5 15. Kf1 c6 16. b4 Qh6 {Threatens to win with ...Ndf6.} ({Much weaker is} 16... Qxb4 $6 17. Rab1 $16) 17. h4 (17. Kg2 $1 $15) 17... Ndf6 $17 18. Bxe4 (18. Kg1 $17) 18... fxe4 $19 ({Worse is} 18... Rxe4 19. b5 $11) 19. Nh2 g5 20. Kg2 gxh4 21. gxh4 $2 (21. Qe2) 21... Qxh4 {[#] White must now prevent ...Ng4!Black is clearly winning.} 22. Rg1 Kh8 23. Kh1 h5 {Strongly threatening ...Ng4!} 24. Rg2 Ng4 25. Kg1 Rg8 {Weighted Error Value: White=0.54/Black=0.03} 0-1

[Event "RUS-ch Rapid 2021"]
[Site "Sochi"]
[Date "2021.10.13"]
[Round "7.17"]
[White "Smirnov, Timofey"]
[Black "Kezin, Roman"]
[Result "1/2-1/2"]
[WhiteElo "2409"]
[BlackElo "2492"]
[Annotator "TA"]
[PlyCount "89"]
[EventDate "2021.10.12"]
[EventType "swiss"]
[EventCountry "RUS"]
[SourceTitle "playchess.com"]
[Source "ChessBase"]
[SourceQuality "1"]

{[%evp 16,89,24,16,44,19,0,0,0,0,2,-28,17,-83,-66,-101,26,37,41,20,44,16,14,27,17,-92,54,55,124,108,157,154,143,120,117,120,120,108,129,70,80,52,1422,184,1292,0,0,0,1495,1390,1145,1013,925,0,166,0,733,154,222,210,223,210,266,248,251,0,202,203,586,52,53,0,481,0,36,0]} 1. e4 c5 2. Nf3 e6 3. d4 cxd4 4. Nxd4 Nc6 5. Nc3 Qc7 6. Be3 a6 7. Qd2 Nf6 8. f3 b5 {[%cal Bb7b5,Bb5b4][%mdl 32]} 9. O-O-O Be7 {B48: Sicilian: Taimanov: 5 Nc3 Qc7 6 Be3 a6 without Be2.} 10. g4 {10.Kb1 is not played anymore.} Nxd4 11. Bxd4 {11.Qxd4 is not played anymore.} Bb7 {The position is equal.} 12. Kb1 {now supersedes 12.g5.} O-O 13. h4 b4 14. Ne2 {[#]} (14. Na4 $11 {keeps the balance.}) 14... e5 $146 {[%cal Re5d4]} ({Predecessor:} 14... Rfc8 15. Nc1 d5 16. e5 Nd7 17. Nd3 a5 18. g5 Nb6 19. f4 Nc4 20. Qf2 a4 {1-0 (45) Brilej,J (2264)-Zarubitski,V (2442) Tornelo INT 2020}) 15. Be3 Rfd8 (15... d5 $1 $17 {[%cal Rd5e4]} 16. g5 Nh5) 16. g5 $11 Nh5 {And now ...d5 would win.} 17. c4 bxc3 (17... Qxc4 $2 18. Ng3 $1 $18 {[%mdl 512]}) 18. Nxc3 Bb4 19. Qf2 {With the idea Bb6.} Bxc3 20. Rc1 {[#]} (20. Bb6 $1 $11 {remains equal.} Qc6 21. Rc1 {[%mdl 64] Pin}) 20... Bxe4+ 21. fxe4 $14 Qb7 22. Ka1 $1 $16 Bxb2+ 23. Qxb2 Qxe4 {[#]} 24. Bg2 $1 Qxe3 25. Bxa8 Rxa8 26. Rhe1 Qh3 27. Qb7 ({White should try} 27. Qxe5 $16 {White wants to mate with Qe8+!} g6 28. Re3) 27... Rf8 $14 28. Rc8 $1 $40 {[%cal Rc8f8][%mdl 128] White is up to no good.} d6 $2 {[%mdl 8192]} (28... Nf4 $14) 29. Rxf8+ Kxf8 $18 {[%mdl 4096] Endgame KQR-KQN} 30. Qb8+ $2 ({White has to play} 30. Qc7 $18 {[%cal Rc7d8]} Ke8 31. Rc1) 30... Ke7 $11 {White must now prevent ...Qc3+.} 31. Rc1 Nf4 $2 {[%mdl 8192]} (31... Qd3 $11) 32. Qb7+ $18 Kd8 33. Qc7+ Ke8 34. Qb8+ $2 (34. Qxd6 f6 35. gxf6 gxf6 36. h5) 34... Ke7 35. Qb7+ $2 (35. Rc7+ Ke6 36. Qc8+ {[%mdl 64] Double Attack} Kd5 37. Qxh3 (37. Qxa6 e4 $11) 37... Nxh3 38. Rxf7) 35... Kd8 $1 ({But not} 35... Qd7 $2 36. Rc7 $18) 36. Qxf7 $2 (36. Qxa6 $18 {is more deadly.} Ke7 37. Qb7+ Qd7 38. Rc7 Qxc7 39. Qxc7+ Ke8 40. Qc8+ Ke7 41. Qb7+ Ke6 42. Qc8+ Kd5 43. Qd7) 36... Ne6 $16 37. Qb7 {[%csl Gb7][%cal Rc1c8]} Nc5 38. Qxg7 Qxh4 39. Qf6+ Kd7 40. Qf5+ $2 (40. Rd1 $18 Nb7 41. Qxe5) 40... Kc7 (40... Ke8 $11 {and Black has nothing to worry.}) 41. Qf7+ $18 {[%mdl 1024] White has strong compensation.} Kc6 $2 {[#]} (41... Kc8 {is a better chance.} 42. Qd5 Qd4+ 43. Qxd4 exd4) 42. Qe8+ $2 (42. Rd1 $1 $18 {aiming for Qe8+.} Qe4 43. Qe8+ Kb6 44. Qb8+ (44. Rxd6+ Ka5 $18) 44... Ka5 45. Qxd6) 42... Kc7 $1 $14 43. Qf7+ $2 {[%mdl 8192]} (43. Qe7+ $14 Kc6 44. Qe8+ Kc7 45. Qf7+ Kb6 46. Rb1+ Kc6 47. Qe8+ Kd5 48. Qg8+ Kc6 49. Qc8+ Kd5 50. Qg8+ (50. Rd1+ Kc4 $16) 50... Kc6 51. Qc8+ Kd5 52. Qg8+ (52. Rd1+ Kc4 $16)) 43... Kc6 $1 $18 {[#]} 44. Qe8+ $2 (44. Rd1 $1 $18) 44... Kc7 $1 $14 45. Qf7+ {Weighted Error Value: White=1.21/Black=0.39} 1/2-1/2